00828 am a2200205 a 450000500170000000800410001702000150005804100080007310000220008124501280010325000110023126000460024230000110028850001920029965300180049165300290050965300280053865300310056670000250059720231219093819.0100329s2000||||ag a f |||| 001 0 spa d a9879694686 aspa1 aEsper, Ricardo J. 3aLa placa ateroesclerótica vulnerable.bDe la disfunción endotelial al síndrome isquémico agudo / cRicardo J. Esper a1a ed. aBuenos Aires: bLaboratorios Bago;c2000. a130 p. aEsper, R. J. y Vilariño, J. O. (2000). La placa ateroesclerótica vulnerable. De la disfunción endotelial al síndrome isquémico agudo. (1a ed.). Buenos Aires : Laboratorios Bago. aCardiología aPlaca ateroesclerótica aDisfunción endotelial aSindrome isquémico agudo1 aVilariño, Jorge O.